000 01179nam0a22003251 4500
001 RU\NLR\INFOCOMM_223\5000030848
005 20250613091534.0
035 _a(NLR Aleph) 009111488
090 _a8163406
_c8163406
100 _a20090209d1972 |||y0rusy50 ca
101 0 _aeng
102 _aRU
105 _aa ||||000|y
200 1 _aOn the influence of scalar and vector fields on the cosmological singularity character
_fV. A. Belinsky, I. M. Khalatnikov
_gThe Acad. of sciences of the USSR. The Landau inst. for theoretical physics
205 _aPreprint
210 _aChernogolovka
_d1972
215 _a28 с.
_cграф.
_d21 см
300 _aSubmitted to JETP, Apr. 1972
320 _aБиблиогр.: с. 28
606 _aКосмология
_xМодели
_2nlr_sh1
686 _aА1-10[В692]
_2rubbk
700 1 _9z01790
_aBelinskij
_bV. A.
_4070
701 1 _4570
_7ba
_8rus
_aChalatnikov
_bI. M.
_f1919-
_gIsaak Markovič
_9214745
_3RU\NLR\AUTH\770214801
790 1 _9z01700
_aBelinsky
_bV. A.
_4070
790 1 _9z02701
_aKhalatnikov
_bI. M.
_4070
801 1 _aRU
_bNLR
_c20090209
801 0 _aRU
_bNLR
_gPSBO
852 _aNLR
_jА-01 Д-4/48
942 _cBOOK
980 _aNB